Landen van Europa - Klinkers - Statistieken

Algemene statistieken
  • Deze quiz is 43 keer genomen
  • De gemiddelde score is 34 van 45
Antwoorden op de kaart
Antwoorden kleurgecodeerd door een groen-rode schaal op de quizkaart volgens % correct hieronder.
 
Antwoordstatistieken
a % Correct
ee
96%
Ea
93%
ea
93%
eië
93%
eië
93%
eië
93%
oeië
93%
aa
89%
ia
89%
Ia
89%
ai
85%
eea
85%
Iea
85%
iea
85%
ua
85%
ae
81%
oe
81%
ooee
81%
oua
81%
Aaië
78%
Aoa
78%
ieea
78%
oaie
78%
oaië
78%
oaië
78%
oaie
78%
Ooei
78%
eau
74%
ioue
74%
Oeaïe
70%
ooo
70%
eeae
67%
ieeei
67%
oeeië
67%
uaie
67%
a aio
63%
aiaaa
63%
eei oii
63%
Iaië
63%
ueu
63%
oeeo
59%
oo aeoië
59%
uia
56%
oao
52%
oië e eeoia
37%
Geen overeenkomende quizzen gevonden
Scoreverdeling
Procent van Mensen met Elke Score
Percentiel versus Aantal Correcte Antwoorden
Uw Scoregeschiedenis
U heeft deze quiz nog niet genomen